000 00295nam a22001217a 4500
008 180425b xxu||||| |||| 00| 0 eng d
041 _aeng
080 _a043.3
100 _a0
101 _aINI-BA
245 _aSkelet ne Objektin Banesor B+P+7 ne Lagjen Arberia
_cKrasniqi, K
942 _2udc
_cBK
999 _c45489
_d45489